ՀՀ Գիտությունների ազգային ակադեմիայի հիմնարար գիտական գրադարան  =   Fundamental Scientific Library of NAS RA
Normal view MARC view

Entry Personal Name

Number of records used in: 10

001 - CONTROL NUMBER

  • control field: 2115

003 - CONTROL NUMBER IDENTIFIER

  • control field: AM-YEHGA

005 - DATE AND TIME OF LATEST TRANSACTION

  • control field: 20250617070433.0

008 - FIXED-LENGTH DATA ELEMENTS

  • fixed length control field: 050923 a|ac|n|aab||||||||||||a |n|||||||

040 ## - CATALOGING SOURCE

  • Original cataloging agency: AM-YEHGA

100 1# - HEADING--PERSONAL NAME

  • Personal name: Աղաջանյան, Գերասիմ Իվանի,
  • Dates associated with a name: 1911-1980

400 1# - SEE FROM TRACING--PERSONAL NAME

  • Personal name: Աղաջանյան, Գ.Ի.
  • Fuller form of name: (Գերասիմ Իվանի),
  • Dates associated with a name: 1911-1980

400 1# - SEE FROM TRACING--PERSONAL NAME

  • Personal name: Агаджанян, Герасим Иванович,
  • Dates associated with a name: 1911-1980

400 1# - SEE FROM TRACING--PERSONAL NAME

  • Personal name: Агаджанян, Г.И.
  • Fuller form of name: (Герасим Иванович),
  • Dates associated with a name: 1911-1980

400 1# - SEE FROM TRACING--PERSONAL NAME

  • Personal name: Aghajanyan, Gerasim Ivani,
  • Dates associated with a name: 1911-1980

670 ## - SOURCE DATA FOUND

  • Source citation: Հայկական համառոտ հանրագիտարան, 1990 :
  • Information found: հ. 1 (Աղաջանյան Գերասիմ Իվանի [2.8.1911, Ելիզավետպոլ (այժմ՝ Կիրովաբադ) - 16.4.1980, Երևան], հայ կուրորտաբան։ Բժշկ. գիտ. դ-ր (1965), պրոֆ. (1967); bI ն.տ. (ՀՍՍՀ առողջ. նախար-յան գլխ. թերապևտ (1956-66), գլխ. կուրորտաբան (1966-79))

670 ## - SOURCE DATA FOUND

  • Source citation: Հայաստանի առողջարանները և առողջավայրերը, 1968 :
  • Information found: տիտղթ. (Գ.Ի. Աղաջանյան)

670 ## - SOURCE DATA FOUND

  • Source citation: Курорты Армянской ССР, 1963 :
  • Information found: т.л. (Г.И. Агаджанян); конц. (Агаджанян Герасим Иванович)


ՀՀ ԳԱԱ հիմնարար գիտական գրադարան
ՀՀ,Երևան 0019
Մարշալ Բաղրամյան 24/6
հեռախոս:(374-10) 52-47-50
Հետադարձ կապ

All site content, except where otherwise noted, is licensed under a
Creative Commons License